| 000 | 00000nam##2200000za#4500 |
| 001 | 9.642190 |
| 003 | CaOODSP |
| 005 | 20210624223600 |
| 007 | cr ||||||||||| |
| 008 | 150407|1980||||xxc|||||o f|0| 0 fre|d |
| 040 | |aCaOODSP|bfre |
| 043 | |an-cn--- |
| 086 | 1 |aA73-1689/1980F-PDF |
| 110 | 1 |aCanada.|bAgriculture Canada. |bDivision de la consultation alimentaire. |
| 245 | 10|aGuide d'alimentation pour les garderies |h[ressource électronique] |
| 260 | |aOttawa - Ontario : |bAgriculture Canada. |c1980. |
| 300 | |a32p.|bill. en couleur, figures, tableaux |
| 500 | |aPublication historique numérisée par Agriculture et Agroalimentaire Canada. « Publication fédéral/provinciale Canada-Manitoba »--p.3 de 32. |
| 590 | |a13-17-Supp|b2013-07-25 |
| 691 | 07|aAliment|2gcpds |
| 691 | 07|aAlimentation|2gcpds |
| 691 | 07|aEnfant|2gcpds |
| 691 | 07|aGarderie|2gcpds |
| 775 | 08|tFood and nutrition in day care centers |w(CaOODSP)9.697870 |
| 856 | 40|ahttp://publications.gc.ca|qPDF|s1.52 Mo|uhttps://publications.gc.ca/collections/collection_2013/aac-aafc/agrhist/A73-1689-1980-fra.pdf |
| 986 | |a1689 |